000 00819nas a2200265 4500
001 BR0300961
003 BR-BrBNA
005 20231205103606.0
007 ta
008 230509b bl.|||p| |||| 00| 00por d
040 _aBR-BrBNA
_bpor
_cBiblioteca Nacional de Agricultura
041 _a(Es)
072 _aF30
100 1 _aCravero, V.P.
100 1 _aAnido, F.S.L.
100 1 _aCointry, E.L.
245 1 _aCaracterización y selección de familias S1 de alcaucil a través de técnicas de análisis multivariado
650 _aALCACHOFRA REDONDA
650 _aSELEÇÃO
650 _aLINHAGEM
650 _aMODELO MATEMÁTICO
773 0 _tHorticultura Brasileira (Brazil)
_xISSN 0102-0536
_g(Dec 2002), v. 20(4) p. 619-625
_wBR0300961
909 _a202311
_bLúcia
_c55
_dLúcia Elande
942 _2AGRIS
_n0
_cANA
999 _c173695
_d173695